000 00556nam a2200193Ia 4500
003 GCL
008 140319s9999 xx 000 0 ara d
040 _aGCL /
_cGCL
082 0 4 _a811.2
_bم س
100 1 _aمحمد خير حلوانى
245 1 0 _aسحيم بن الحسحاس /
_cمحمد خير حلوانى
260 _a[S.N] :
_bدار الشرق العربى
300 _a273 ص
490 _a
650 0 4 _aالشعر العربى
650 0 4 _aالتراجم الذاتية
650 0 4 _aسحيم بن الحسماس
942 _2ddc
_cBK
999 _c39076
_d39076